Latin American capital flows : (Registro nro. 8149)

Detalles MARC
000 -LEADER
fixed length control field 01130nam a2200217Ia 4500
003 - CONTROL NUMBER IDENTIFIER
control field OSt
005 - DATE AND TIME OF LATEST TRANSACTION
control field 20210726161745.0
008 - FIXED-LENGTH DATA ELEMENTS--GENERAL INFORMATION
fixed length control field 210310s1994 eu ad gr 000 0 eng d
020 ## - INTERNATIONAL STANDARD BOOK NUMBER
International Standard Book Number 1567080464
040 ## - CATALOGING SOURCE
Original cataloging agency CO-JMCR
Transcribing agency CO-JMCR
041 0# - LANGUAGE CODE
Language code of text/sound track or separate title eng
082 04 - DEWEY DECIMAL CLASSIFICATION NUMBER
Classification number 332.673098 /
Item number S933l
Edition number 23
110 2# - MAIN ENTRY--CORPORATE NAME
Corporate name or jurisdiction name as entry element Study Group
9 (RLIN) 38735
245 10 - TITLE STATEMENT
Title Latin American capital flows :
Remainder of title living with volatility /
Statement of responsibility, etc. Study Group
260 ## - PUBLICATION, DISTRIBUTION, ETC.
Place of publication, distribution, etc. Washington :
Name of publisher, distributor, etc. Group of Thirty,
Date of publication, distribution, etc. 1994
300 ## - PHYSICAL DESCRIPTION
Extent 124 páginas ;
Other physical details ilustraciones y gráficas a blanco y negro ;
Dimensions 23 cm.
505 0# - FORMATTED CONTENTS NOTE
Formatted contents note The surge in capital inflows -- Issues -- Recomendations -- Capital inflows to Latin América -- Sustainability of Latin America´s debts -- Central bank independence in Latin America -- Improvements in the availability of information on publicly traded companies -- Improvements in accounting and disclosures -- Exchange rates and reserve management with large capital inflows -- Financial sector reform in Latin America
650 14 - SUBJECT ADDED ENTRY--TOPICAL TERM
Topical term or geographic name entry element Sostenibilidad de deuda
9 (RLIN) 16472
Geographic subdivision América Latina
650 24 - SUBJECT ADDED ENTRY--TOPICAL TERM
Topical term or geographic name entry element Reformas
General subdivision Sector financiero
Geographic subdivision América Latina
9 (RLIN) 38736
942 ## - ADDED ENTRY ELEMENTS (KOHA)
Source of classification or shelving scheme Dewey Decimal Classification
Koha item type Books
Existencias
Withdrawn status Lost status Source of classification or shelving scheme Damaged status Not for loan Collection code Home library Current library Date acquired Source of acquisition Total Checkouts Full call number Barcode Date last seen Date last checked out Copy number Koha item type
    Dewey Decimal Classification     Non-fiction Biblioteca Pública José María del Castillo y Rada Biblioteca Pública José María del Castillo y Rada 04/15/2018 Donación 1 332.673098 / S933l 430003275 05/16/2024 01/26/2024 Ej.1 Books